000 00442nam a2200181Ia 4500
005 20240823061958.0
008 240823s9999||||xx |||||||||||||| ||und||
041 _aENGLISH
082 _A500 Q9
100 _aTHG Publishing Private Ltd
245 4 _aThe Hindu Speaks on Scientific Facts
250 _a1st
260 _c2019
_bTHG Publishing Private Li
500 _aYES
650 _aScience
_bGeneral
942 _cBK
999 _c234807
_d234807